Bienále úžitkového umenia 2007 bienále má byť prehliadkou toho najlepšieho!?

Bibliographic Details
Main Author: Ondrušeková, Anna (Author)
Format: Article
Language:Slovak
ISSN:1335-5457
Subjects:

MARC

LEADER 00000nab a2200000 a 4500
001 vtls009083357
003 SK-MaSNL
005 20260426085501.0
008 250507c2007 xo qr|p|||||||000 b|slo
015 |a SNBRB2007/07  |2 snkbucl 
035 |a (uuid)fdbacea2-7176-4bdf-9c50-05314d026a83 
035 |a urn:nbn:sk:snk-ab2y1j 
035 |a (urnnbn)urn:nbn:sk:snk:ar-a033dd 
038 |a SNKBUCL 
040 |a SNKBUCL  |b slo  |c SNKBUCL  |e AACR2 
041 0 |a slo 
044 |a xo  |c SK 
080 |a 745/749:061.4  |x (437.6)  |2 2001 
080 |a 7.05:745/749:061.4  |x (437.6)  |2 2001 
100 1 |a Ondrušeková, Anna  |4 aut  |9 13952 
245 1 0 |a Bienále úžitkového umenia 2007  |b bienále má byť prehliadkou toho najlepšieho!?  |c Anna Ondrušeková 
611 2 7 |a Bienále úžitkového umenia  |n (1. :  |d 2007 :  |c Bratislava, Slovensko)  |2 snkbucl  |9 1285876 
648 7 |a 2007  |2 snkbucl  |9 313226 
650 0 7 |a úžitkové umenie  |2 snkbucl  |9 87431 
650 0 7 |a výstavy  |2 snkbucl  |9 2780 
651 7 |a Bratislava (Slovensko)  |2 snkbucl  |9 14568 
773 0 |t Remeslo, umenie, dizajn  |g Roč. 8, č. 2 (2007), s. 8  |x 1335-5457 
850 |a Slovenská národná knižnica 
852 |a Slovenská národná knižnica 
958 |a article27 
958 |a OND 
958 |a SK 
958 |a EUIPO 
999 |c 2965921  |d 2967851